Le cinéma de Claude ZIDI - Statistiques

Statistiques générales
  • Ce quiz a été pris 40 fois
  • Le résultat moyen est 15 sur 20
Statistiques - réponses
Hint Réponse % Correct
1999 Clavier, Depardieu, Benigni, Galabru, Prevost et Laetitia Casta Astérix & Obélix contre César
97%
1982 Après le bac, direction la plage, puisque c'est leur destinée Les sous-doués en vacances
97%
1976, un guide gastronomique devient agueusique ... L'aile ou la cuisse
91%
Le titre initial de ce film sorti en 1980 était "la boîte à bac" Les sous-doués
91%
1972 Les Charlots préparent l'arrivée de la flamme olympique ... Les fous du stade
81%
2003 François est devenu commissaire, René est retraité, mais leurs aventures ne sont pas terminées Ripoux 3
81%
Coluche à la poursuite de Morzini en 1980 Inspecteur la bavure
78%
1978 Monsieur et madame Daubray-Lacaze se présentent aux élections municipales La zizanie
75%
Noiret et Lhermitte retrouvent leurs combines 6 ans après Ripoux contre ripoux
75%
1983 "Planète assistance j'écoute ..." Banzaï
72%
1991 ce film d'espionnage a inspiré "True Lies" à James Cameron avec Schwarzenegger La totale !
72%
1971 Premier film et énorme succès populaire pour les Charlots et le sergent Bellec Les bidasses en folie
72%
1984, René et François en flics ... exemplaires Les ripoux
72%
1973 la lutte des charlots pour un petit commerce face aux premiers hypermarchés Le grand bazar
69%
1997 Josiane Balasko sous le charme du beau Christophe Lambert Arlette
66%
1975 Pierre Richard à la poursuite d'une mallette ... La course à l'échalote
63%
1977 Belmondo fait tout : Michel Gaucher, Bruno Ferrari et ses cascades bien sûr L'animal
59%
1974 Pierre Richard et Jane Birkin dans leur première collaboration La moutarde me monte au nez
53%
1979 Jacques Villeret en bidasse benêt Bête, mais discipliné
50%
1985 Serrault Jugnot Lhermitte et la sublime Mathilda May Les rois du gag
41%
Aucun quiz correspondant
Distribution des résultats
% des personnes avec chaque résultat
Percentile par nombre de réponses
Votre historique - résultats
Vous n’avez pas pris ce quiz